| 000 | 01087nam a2200289Ia 4500 | ||
|---|---|---|---|
| 001 | C9255 | ||
| 003 | IT-RoPAU | ||
| 008 | 130308s9999 xx 000 0 und d | ||
| 040 | _aIT-RoPAU | ||
| 040 | _cIT-RoPAU | ||
| 041 | _aITALIANO | ||
| 100 | _aFrattallone Raimondo | ||
| 100 | _gCodice Aut. SPICS: 23168 | ||
| 245 | _a"Musica ""parte"" della celebrazione (La)" | ||
| 245 | _bGiovani Liturgia e Musica | ||
| 250 | _a1a ed. | ||
| 260 | _aROMA | ||
| 260 | _bLas | ||
| 260 | _c1994 [1° Ed.:1994 - Ed.Ling.Originale:1994] | ||
| 300 | _a"27 p. (prefazione: no ; testo: 27 [pagine: 125-151])" | ||
| 500 | _aTre Poli della celebrazione e la Musica. Dimensione Psicologica, Culturalee Teologica dell'assemblea e la Musica. Effetti della Musica sacra Sui Partecipanti. leggi e Dinamismi di una celebrazione Integrata Dalla Musica e Coinvolgente Il Mondo Giovanile: Espressione Musicale, Verità e Fedeltà, Creatività. Musica dei Giovani e Celebrazione. | ||
| 650 | _aSAGGI MUSICALI | ||
| 650 | _eCodice materia Spics: 7011 | ||
| 942 | _cBK | ||
| 957 | _71 | ||
| 999 |
_c85864 _d85864 |
||
| 999 | _g1 | ||